Nhập môn Hàn Quốc học
Sparad:
| Materialtyp: | Bok |
|---|---|
| Publicerad: |
Giáo dục Việt Nam
|
| Taggar: |
Lägg till en tagg
Inga taggar, Lägg till första taggen!
|
| Thư viện lưu trữ: | Mạng thư viện Đại học Đà Nẵng |
|---|
| LEADER | 00453nam a22001691a 4500 | ||
|---|---|---|---|
| 001 | 000035907 | ||
| 003 | 12199 | ||
| 005 | 20160321110947.0 | ||
| 008 | 160321s0 000 | ||
| 245 | |a Nhập môn Hàn Quốc học |c Mai Ngọc Chừ, Lê Thị Thu Giang | ||
| 260 | |a Giáo dục Việt Nam | ||
| OWN | |a LNN | ||
| 999 | |a From the UDN01 | ||
| TYP | |a Monograph | ||
| 980 | |a Mạng thư viện Đại học Đà Nẵng | ||